Bhudhist Centres Of Orissa (Record no. 16591)
[ view plain ]
| 000 -LEADER | |
|---|---|
| fixed length control field | 003910000a22001570004500 |
| 001 - CONTROL NUMBER | |
| control field | 004704 |
| 003 - CONTROL NUMBER IDENTIFIER | |
| control field | MACL |
| 040 ## - CATALOGING SOURCE | |
| Original cataloging agency | MACL |
| 090 ## - LOCALLY ASSIGNED LC-TYPE CALL NUMBER (OCLC); LOCAL CALL NUMBER (RLIN) | |
| -- | 16697 |
| -- | 16696 |
| 100 ## - MAIN ENTRY--PERSONAL NAME | |
| Personal name | Bandyopadyaya, Bimal |
| 245 ## - TITLE STATEMENT | |
| Title | Bhudhist Centres Of Orissa |
| Remainder of title | Lalitagiri, Ratnagiri And Udyagiri |
| Statement of responsibility, etc. | Bimal Bandyopadyaya |
| 260 ## - PUBLICATION, DISTRIBUTION, ETC. (IMPRINT) | |
| Place of publication, distribution, etc. | Sundeep Prakashan, |
| Date of publication, distribution, etc. | 2004 |
| 350 ## - PRICE (NR) (BK AM CF MU VM SE) [OBSOLETE] | |
| Price | 1500 |
| 650 ## - SUBJECT ADDED ENTRY--TOPICAL TERM | |
| Topical term or geographic name as entry element | Religion |
| 942 ## - ADDED ENTRY ELEMENTS (KOHA) | |
| Call number prefix | 294 |
| Koha item type | Library Membar |
| Withdrawn status | Lost status | Source of classification or shelving scheme | Damaged status | Not for loan | Home library | Current library | Date acquired | Cost, normal purchase price | Total Checkouts | Full call number | Barcode | Date last seen | Date last checked out | Uniform Resource Identifier | Price effective from | Koha item type |
|---|---|---|---|---|---|---|---|---|---|---|---|---|---|---|---|---|
| MACL | MACL | 15/04/2015 | 1500.00 | 1 | 294 BAN | CRE017709 | 05/12/2024 | 30/11/2024 | 16499 | 15/04/2015 | Books |









